[Event "North Wales Open"]
[Site "Llandudno"]
[Date "2019.06.22"]
[Round "3.9"]
[White "Gogia, Armaan"]
[Black "Hilton, Tim"]
[Result "0-1"]
[WhiteElo "1767"]
[BlackElo "1899"]
[PlyCount "47"]
[EventDate "2019.06.22"]
[EventRounds "5"]
[EventCountry "WLS"]

1. e4 c5 2. Nf3 g6 3. d4 cxd4 4. Nxd4 Nc6 5. Nc3 Bg7 6. Be3 Nf6 7. Nxc6 bxc6 8.
e5 Ng8 9. f4 Nh6 10. Qd2 O-O 11. O-O-O Qa5 12. Bc4 Rb8 13. Qd4 d5 14. Bb3 Bg4
15. Rdf1 Rb7 16. h3 Be6 17. g4 f6 18. f5 gxf5 19. gxf5 Nxf5 20. Rxf5 Bxf5 21.
Nxd5 Rxb3 22. Nxe7+ Kh8 23. cxb3 Qxa2 24. Qa4 0-1

[Event "North Wales Open"]
[Site "Llandudno"]
[Date "2019.06.22"]
[Round "3.10"]
[White "Pirga, Vlad"]
[Black "Dewangan, Aayush"]
[Result "1-0"]
[WhiteElo "1513"]
[BlackElo "1398"]
[PlyCount "59"]
[EventDate "2019.06.22"]
[EventRounds "5"]
[EventCountry "WLS"]

1. e4 c5 2. Bc4 d6 3. Nf3 Nf6 4. Nc3 g6 5. d4 cxd4 6. Nxd4 Bg7 7. O-O O-O 8. f4
Nc6 9. Be3 Bg4 10. Qd2 Qd7 11. h3 Nxd4 12. Bxd4 Be6 13. Bd3 Nh5 14. Be3 a6 15.
f5 gxf5 16. exf5 Ng3 17. fxe6 Nxf1 18. exd7 Nxd2 19. Bxd2 Rfd8 20. Nd5 Bd4+ 21.
Kf1 Rxd7 22. c3 Ba7 23. Re1 f6 24. Nxe7+ Kf7 25. Nd5 h5 26. Bf5 Rdd8 27. Re7+
Kf8 28. Bh6+ Kg8 29. Nxf6+ Kh8 30. Bg7# 1-0

[Event "North Wales Open"]
[Site "Llandudno"]
[Date "2019.06.22"]
[Round "3.11"]
[White "Lee, Michael A"]
[Black "Menon, Davin"]
[Result "1/2-1/2"]
[WhiteElo "1472"]
[BlackElo "1848"]
[PlyCount "43"]
[EventDate "2019.06.22"]
[EventRounds "5"]
[EventCountry "WLS"]

1. e4 c6 2. d4 d5 3. e5 Bf5 4. Nf3 e6 5. c3 Nd7 6. Be2 c5 7. Be3 Qc7 8. Nh4 Bg6
9. Nxg6 hxg6 10. Nd2 Ne7 11. O-O f6 12. f4 Nf5 13. Bf2 Be7 14. Nf3 g5 15. Bd3
c4 16. Bxf5 exf5 17. Qd2 g4 18. Nh4 fxe5 19. Ng6 e4 20. Nxh8 Qd6 21. Bg3 Qh6
22. a4 1/2-1/2

[Event "North Wales Open"]
[Site "Llandudno"]
[Date "2019.06.23"]
[Round "4.2"]
[White "Carroll, Thomas"]
[Black "Surtees, Mike J"]
[Result "1-0"]
[WhiteElo "1986"]
[BlackElo "2112"]
[PlyCount "87"]
[EventDate "2019.06.22"]
[EventRounds "5"]
[EventCountry "WLS"]

1. d4 e6 2. e4 d5 3. Nd2 Nf6 4. e5 Nfd7 5. c3 c5 6. Bd3 Nc6 7. Ngf3 Qb6 8. O-O
cxd4 9. cxd4 a5 10. a3 Be7 11. Re1 g5 12. Nf1 g4 13. Ng5 h5 14. h4 Qxd4 15. Be3
Qxe5 16. Bb5 Qd6 17. Rc1 d4 18. Bd2 Nf6 19. b4 Bd7 20. Ng3 Kf8 21. bxa5 Qxa3
22. a6 Rxa6 23. Bxa6 Qxa6 24. Qb3 Qa8 25. Ra1 Qb8 26. Rab1 Nd8 27. Bb4 Nd5 28.
Bxe7+ Nxe7 29. Qd3 Rh6 30. Qxd4 Bc6 31. Qc5 Qf4 32. Red1 Ke8 33. Rb4 Qb8 34.
Rbd4 Bd5 35. N3e4 Ndc6 36. Nd6+ Kf8 37. Rf4 f6 38. Nge4 Kg7 39. Ng3 Ng6 40. Ra4
Nce7 41. Rb4 Rh8 42. Rxd5 exd5 43. Rxb7 Qa8 44. Ndf5+ 1-0

[Event "North Wales Open"]
[Site "Llandudno"]
[Date "2019.06.23"]
[Round "4.3"]
[White "Hayward, Philip T"]
[Black "Rathbone-Jones, Ifan"]
[Result "1-0"]
[WhiteElo "1976"]
[BlackElo "1887"]
[PlyCount "39"]
[EventDate "2019.06.22"]
[EventRounds "5"]
[EventCountry "WLS"]

1. c4 e6 2. g3 Nf6 3. Bg2 d5 4. Nf3 c5 5. O-O Nc6 6. e3 b6 7. b3 Bb7 8. Bb2 Bd6
9. Nc3 O-O 10. cxd5 exd5 11. d4 cxd4 12. Nxd4 Nxd4 13. Qxd4 Bc5 14. Qd3 Qd7 15.
Rfd1 Rad8 16. Ne2 Qe7 17. Nf4 Rd7 18. Qf5 Ne4 19. Bxe4 Qxe4 20. Qxe4 1-0

[Event "North Wales Open"]
[Site "Llandudno"]
[Date "2019.06.23"]
[Round "4.4"]
[White "Whitehead, Mark A"]
[Black "Patrick, David A"]
[Result "1/2-1/2"]
[WhiteElo "1901"]
[BlackElo "1878"]
[PlyCount "36"]
[EventDate "2019.06.22"]
[EventRounds "5"]
[EventCountry "WLS"]

1. e4 e6 2. Qe2 c5 3. g3 Nc6 4. c3 d5 5. d3 dxe4 6. dxe4 Nf6 7. f4 Be7 8. Bg2
h5 9. Nh3 Ng4 10. Nd2 e5 11. f5 a6 12. a4 Na5 13. O-O Qc7 14. Bf3 Nf6 15. Nc4
Nb3 16. Ra3 Nxc1 17. Rxc1 Bd7 18. Nf2 b5 1/2-1/2

[Event "North Wales Open"]
[Site "Llandudno"]
[Date "2019.06.23"]
[Round "4.5"]
[White "Shakespeare, John"]
[Black "Sandhu, Manvith"]
[Result "1-0"]
[WhiteElo "1950"]
[BlackElo "1602"]
[PlyCount "45"]
[EventDate "2019.06.22"]
[EventRounds "5"]
[EventCountry "WLS"]

1. d4 d5 2. Nf3 Nf6 3. c4 c6 4. Nc3 e6 5. g3 Nbd7 6. Bg2 dxc4 7. a4 c5 8. O-O
Be7 9. e4 O-O 10. Qe2 cxd4 11. Nxd4 Ne5 12. Rd1 Nd3 13. Be3 Qc7 14. b3 Ne5 15.
Ncb5 Qa5 16. Bf4 Ng6 17. Bc7 Qb4 18. bxc4 a6 19. Rdb1 Qc5 20. Nb3 Qb4 21. Ba5
Qxa5 22. Nxa5 axb5 23. axb5 1-0

[Event "North Wales Open"]
[Site "Llandudno"]
[Date "2019.06.23"]
[Round "4.6"]
[White "Hilton, Tim"]
[Black "Van Kemenade, Rudy"]
[Result "0-1"]
[WhiteElo "1899"]
[BlackElo "1931"]
[PlyCount "42"]
[EventDate "2019.06.22"]
[EventRounds "5"]
[EventCountry "WLS"]

1. c4 e5 2. g3 Nc6 3. Bg2 f5 4. Nc3 Nf6 5. e3 g6 6. Nge2 Bg7 7. O-O O-O 8. Rb1
a5 9. a3 d6 10. b4 axb4 11. axb4 e4 12. Qb3 Ne5 13. Nf4 c6 14. b5 g5 15. Nfe2
Qe8 16. Ba3 c5 17. Nd5 Nf3+ 18. Bxf3 exf3 19. Nec3 Qh5 20. Nxf6+ Rxf6 21. Nd5
Qh3 0-1

[Event "North Wales Open"]
[Site "Llandudno"]
[Date "2019.06.23"]
[Round "4.7"]
[White "Camp, Imogen A L"]
[Black "Biermann, Florian"]
[Result "0-1"]
[WhiteElo "1886"]
[BlackElo "1815"]
[PlyCount "42"]
[EventDate "2019.06.22"]
[EventRounds "5"]
[EventCountry "WLS"]

1. d4 Nf6 2. c4 c5 3. d5 e5 4. Nc3 d6 5. e4 Nbd7 6. Nf3 Be7 7. Be2 Nf8 8. O-O
Ng6 9. Ne1 h5 10. Nd3 a6 11. a4 Rb8 12. b4 b6 13. Rb1 Bd7 14. f4 exf4 15. Nxf4
Ne5 16. Qb3 cxb4 17. Qxb4 a5 18. Qb3 h4 19. Be3 O-O 20. Bxb6 Qc8 21. Qa2 Rxb6
0-1

[Event "North Wales Open"]
[Site "Llandudno"]
[Date "2019.06.23"]
[Round "4.8"]
[White "Cukovs, Oleg"]
[Black "Pirga, Vlad"]
[Result "1-0"]
[WhiteElo "1910"]
[BlackElo "1513"]
[PlyCount "85"]
[EventDate "2019.06.22"]
[EventRounds "5"]
[EventCountry "WLS"]

1. e4 e5 2. Nf3 d6 3. d4 exd4 4. Nxd4 g6 5. Bc4 Bg7 6. c3 Ne7 7. Bg5 O-O 8. O-O
Nd7 9. Qd2 Re8 10. Bh6 Bh8 11. Ne6 Ne5 12. Nxd8 Nxc4 13. Qe2 Nb6 14. Nxf7 Kxf7
15. Na3 Be6 16. Nb5 Rec8 17. Nd4 Bd7 18. Nf3 Nc6 19. Be3 Bf6 20. Rad1 Ne5 21.
Nxe5+ Bxe5 22. Bd4 Re8 23. Bxe5 Rxe5 24. f4 Ra5 25. b3 Re8 26. Qc2 h5 27. c4
Rc5 28. e5 Bf5 29. Qf2 Ra5 30. exd6 c6 31. Rfe1 Rxe1+ 32. Rxe1 Nc8 33. c5 b6
34. Qe2 Bd7 35. b4 Ra4 36. Qc4+ Kf8 37. Qb3 b5 38. a3 a5 39. Qc3 axb4 40. Qh8+
Kf7 41. Qh7+ Kf6 42. Qxd7 Nxd6 43. Qxd6+ 1-0

[Event "North Wales Open"]
[Site "Llandudno"]
[Date "2019.06.23"]
[Round "4.9"]
[White "Farrar, Gordon"]
[Black "Van Kemenade, Julie"]
[Result "1/2-1/2"]
[WhiteElo "1750"]
[BlackElo "1718"]
[PlyCount "47"]
[EventDate "2019.06.22"]
[EventRounds "5"]
[EventCountry "WLS"]

1. d4 d6 2. e4 Nf6 3. Nc3 c6 4. f4 Qa5 5. e5 Nd5 6. Bd2 Nxc3 7. bxc3 Nd7 8. Bd3
e6 9. Nf3 Qc7 10. O-O Be7 11. Qe1 O-O 12. Qg3 f5 13. Ng5 Nb6 14. Nf3 d5 15. a4
a5 16. Rfb1 c5 17. Bb5 cxd4 18. cxd4 Nc4 19. Qf2 Na3 20. Rb3 Bd7 21. Bxd7 Qxd7
22. Rbxa3 Bxa3 23. Rxa3 Rfc8 24. c3 1/2-1/2

[Event "North Wales Open"]
[Site "Llandudno"]
[Date "2019.06.23"]
[Round "4.10"]
[White "Menon, Davin"]
[Black "Taylor, Robert Graham"]
[Result "1-0"]
[WhiteElo "1848"]
[BlackElo "1833"]
[PlyCount "143"]
[EventDate "2019.06.22"]
[EventRounds "5"]
[EventCountry "WLS"]

1. d4 Nf6 2. Nf3 b6 3. c4 e6 4. g3 Bb7 5. Bg2 Be7 6. O-O O-O 7. Nbd2 d6 8. Qc2
Nbd7 9. e4 a5 10. b3 c5 11. d5 e5 12. Ne1 g6 13. Nd3 Ne8 14. f4 f6 15. f5 g5
16. Bf3 Ng7 17. Qd1 Qe8 18. g4 Kf7 19. Nb1 Rh8 20. h4 h6 21. Nc3 Ba6 22. Qe2
Bd8 23. Nf2 Ke7 24. Nh1 Nf8 25. hxg5 hxg5 26. Ng3 Nd7 27. Nh5 Qf7 28. Rf2 Bc7
29. Rh2 Rag8 30. Be3 Nxh5 31. gxh5 g4 32. Bxg4 Rxh5 33. Rg2 Rh4 34. Kf2 Qh7 35.
Rag1 Rh2 36. Kf1 Rxg2 37. Qxg2 Nf8 38. Qh3 Qxh3+ 39. Bxh3 Rxg1+ 40. Kxg1 Kf7
41. Bh6 Nd7 42. Bg4 Ke7 43. Kg2 Bd8 44. Kh3 Nb8 45. Kh4 Bc8 46. Bh5 Bd7 47. Bg6
Na6 48. a3 Nc7 49. Na4 Ne8 50. Bh7 b5 51. Nb2 Nc7 52. Bd2 b4 53. a4 Kf7 54. Bh6
Be7 55. Kh5 Bf8 56. Bxf8 Kxf8 57. Kh6 Ke7 58. Kg7 Na6 59. Bg8 Be8 60. Kh6 Nc7
61. Be6 Bf7 62. Nd3 Be8 63. Nf2 Bf7 64. Bc8 Kf8 65. Ng4 Ke7 66. Bb7 Be8 67. Bc6
Bf7 68. Kg7 Be8 69. Nxf6 Bxc6 70. dxc6 d5 71. Nxd5+ Nxd5 72. cxd5 1-0

[Event "North Wales Open"]
[Site "Llandudno"]
[Date "2019.06.23"]
[Round "4.11"]
[White "Dewangan, Aayush"]
[Black "Gogia, Armaan"]
[Result "0-1"]
[WhiteElo "1398"]
[BlackElo "1767"]
[PlyCount "114"]
[EventDate "2019.06.22"]
[EventRounds "5"]
[EventCountry "WLS"]

1. e4 c5 2. Nf3 d6 3. d4 cxd4 4. Nxd4 Nf6 5. Nc3 a6 6. Bg5 e6 7. Qd2 Be7 8.
O-O-O Nbd7 9. Be2 h6 10. Bh4 Nc5 11. f3 Qc7 12. Bf2 b5 13. g4 Bb7 14. h4 Rc8
15. Rdf1 b4 16. Nb1 Ncxe4 17. fxe4 Nxe4 18. Qd1 Nxf2 19. Rxf2 Bxh1 20. Qxh1 Bf6
21. Rxf6 gxf6 22. Bxa6 Rb8 23. Bb5+ Kf8 24. Qf1 Qc5 25. Qxf6 Qe5 26. Qf2 Rxb5
27. Nxb5 Qxb5 28. Qf6 Qe5 29. Qf2 Rg8 30. Qd2 Rxg4 31. c3 Rg1+ 32. Kc2 Qf5+ 33.
Qd3 Qxd3+ 34. Kxd3 Rxb1 35. Kc2 Ra1 36. Kb3 bxc3 37. bxc3 Ke7 38. h5 Kd7 39. a4
Rh1 40. a5 Rxh5 41. Kb4 Rxa5 42. Kxa5 h5 43. Kb4 h4 44. Kc4 h3 45. Kd4 h2 46.
c4 h1=Q 47. c5 dxc5+ 48. Kxc5 Qd5+ 49. Kb4 Qc6 50. Kb3 Qc5 51. Kb2 Qc4 52. Ka3
Qb5 53. Ka2 Kd6 54. Ka3 Kd5 55. Ka2 Kc4 56. Ka1 Kc3 57. Ka2 Qb2# 0-1

[Event "North Wales Open"]
[Site "Llandudno"]
[Date "2019.06.23"]
[Round "5.2"]
[White "Davies, Nigel R"]
[Black "Hayward, Philip T"]
[Result "0-1"]
[WhiteElo "2494"]
[BlackElo "1076"]
[PlyCount "74"]
[EventDate "2019.06.22"]
[EventRounds "5"]
[EventCountry "WLS"]

1. g3 f5 2. c4 Nf6 3. Bg2 g6 4. Nc3 Bg7 5. d3 d6 6. e4 O-O 7. Nge2 fxe4 8. dxe4
c5 9. O-O Nc6 10. h3 e5 11. Bg5 Be6 12. Nd5 Qd7 13. Kh2 Rf7 14. Qd2 Raf8 15. f3
b6 16. b3 Kh8 17. Bxf6 Bxf6 18. Rad1 Bg7 19. Ndc3 Rd8 20. h4 Kg8 21. Qd3 Bh6
22. Ng1 Nd4 23. Bh3 Rdf8 24. Bxe6 Qxe6 25. Nce2 g5 26. Nxd4 cxd4 27. hxg5 Bxg5
28. Kg2 Be3 29. Rde1 Qh6 30. Ne2 Qh5 31. g4 Qh4 32. Ng1 Bf4 33. Rf2 Bg3 34.
Ree2 h5 35. gxh5 Rg7 36. Kf1 Bxf2 37. Rxf2 Qh1 0-1

[Event "North Wales Open"]
[Site "Llandudno"]
[Date "2019.06.23"]
[Round "5.3"]
[White "Patrick, David A"]
[Black "Shakespeare, John"]
[Result "1-0"]
[WhiteElo "1878"]
[BlackElo "1950"]
[PlyCount "38"]
[EventDate "2019.06.22"]
[EventRounds "5"]
[EventCountry "WLS"]

1. e4 e6 2. d4 d5 3. exd5 exd5 4. Nf3 Bd6 5. Bd3 Bg4 6. Qe2+ Ne7 7. O-O Nd7 8.
c4 dxc4 9. Bxc4 O-O 10. Bg5 Nb6 11. Bb3 Qd7 12. Bxe7 Rfe8 13. Qe4 Rxe7 14. Qxb7
Qe8 15. Ng5 Bh5 16. Nc3 c6 17. Qa6 h6 18. Nh3 Bg4 19. Qd3 g6 1-0

[Event "North Wales Open"]
[Site "Llandudno"]
[Date "2019.06.23"]
[Round "5.4"]
[White "Van Kemenade, Rudy"]
[Black "Whitehead, Mark A"]
[Result "1-0"]
[WhiteElo "1931"]
[BlackElo "1901"]
[PlyCount "57"]
[EventDate "2019.06.22"]
[EventRounds "5"]
[EventCountry "WLS"]

1. f4 d5 2. Nf3 Nf6 3. g3 c6 4. Bg2 Qb6 5. d4 Bf5 6. e3 Nbd7 7. O-O Ne4 8. Nh4
Nd6 9. Nxf5 Nxf5 10. Qd3 e6 11. Nd2 c5 12. c3 Be7 13. Nf3 O-O 14. g4 Nd6 15.
Ne5 Rad8 16. f5 c4 17. Qe2 exf5 18. Nxd7 Rxd7 19. Bxd5 Qb5 20. Bg2 fxg4 21.
Qxg4 f5 22. Qh3 Bg5 23. a4 Qa5 24. e4 Bxc1 25. Raxc1 Qxa4 26. e5 Ne4 27. Rxf5
Rxf5 28. Qxf5 Nd2 29. Qf4 1-0

[Event "North Wales Open"]
[Site "Llandudno"]
[Date "2019.06.23"]
[Round "5.5"]
[White "Sandhu, Manvith"]
[Black "Surtees, Mike J"]
[Result "0-1"]
[WhiteElo "1602"]
[BlackElo "2112"]
[PlyCount "58"]
[EventDate "2019.06.22"]
[EventRounds "5"]
[EventCountry "WLS"]

1. e4 c6 2. d4 d5 3. e5 Bf5 4. h4 h5 5. Bd3 Bxd3 6. Qxd3 e6 7. Ne2 Qa5+ 8. Bd2
Qa6 9. Qxa6 Nxa6 10. a3 c5 11. c3 Ne7 12. Ng3 cxd4 13. cxd4 Nc6 14. Be3 f6 15.
f4 Nc7 16. Ke2 Be7 17. Nc3 Na5 18. a4 Rc8 19. Rab1 Na6 20. f5 Kd7 21. Bd2 Nb3
22. Ke3 fxe5 23. fxe6+ Kxe6 24. Nb5 exd4+ 25. Nxd4+ Nxd4 26. Kxd4 Rc4+ 27. Ke3
Bxh4 28. Ne2 Bg5+ 29. Kf3 Bxd2 0-1

[Event "North Wales Open"]
[Site "Llandudno"]
[Date "2019.06.23"]
[Round "5.6"]
[White "Rathbone-Jones, Ifan"]
[Black "Cukovs, Oleg"]
[Result "0-1"]
[WhiteElo "1887"]
[BlackElo "1910"]
[PlyCount "112"]
[EventDate "2019.06.22"]
[EventRounds "5"]
[EventCountry "WLS"]

1. d4 d5 2. c4 dxc4 3. e4 Nf6 4. Nc3 e5 5. d5 c6 6. Bg5 Bb4 7. Bxc4 Bxc3+ 8.
bxc3 Qa5 9. Bd2 Nxe4 10. Qe2 cxd5 11. Bd3 O-O 12. Bxe4 dxe4 13. Qxe4 Nc6 14.
Nf3 Qc5 15. Rc1 f6 16. h4 Ne7 17. Be3 Qd5 18. Qc2 Bf5 19. c4 Qxf3 20. gxf3 Bxc2
21. Rxc2 Nf5 22. Rb2 b6 23. Rh3 Rac8 24. Rc2 Rc6 25. Ke2 Rfc8 26. Kd3 Nd6 27.
c5 bxc5 28. Rh1 c4+ 29. Ke2 a6 30. Rhc1 Nf5 31. Rd2 Nxh4 32. f4 Nf5 33. fxe5
Nxe3 34. Kxe3 fxe5 35. Rd5 Rc5 36. Ke4 c3 37. Rc2 Rxd5 38. Kxd5 Kf7 39. Kxe5 g6
40. f4 h6 41. f5 gxf5 42. Kxf5 Rc5+ 43. Ke4 Ke6 44. Kd3 Kd5 45. a3 Kc6 46. a4
Kb6 47. Kd4 Rc8 48. Ke5 Ka5 49. Kf5 Kxa4 50. Kg6 Rc6+ 51. Kh5 Kb3 52. Rh2 c2
53. Rh3+ Kb2 54. Rh4 c1=Q 55. Rb4+ Ka3 56. Rf4 Rc5+ 0-1

[Event "North Wales Open"]
[Site "Llandudno"]
[Date "2019.06.23"]
[Round "5.7"]
[White "Biermann, Florian"]
[Black "Hilton, Tim"]
[Result "1/2-1/2"]
[WhiteElo "1815"]
[BlackElo "1899"]
[PlyCount "83"]
[EventDate "2019.06.22"]
[EventRounds "5"]
[EventCountry "WLS"]

1. e4 c5 2. Nc3 g6 3. f4 Bg7 4. Nf3 Nc6 5. Bb5 Nd4 6. O-O e6 7. d3 Ne7 8. Nxd4
cxd4 9. Ne2 O-O 10. Qe1 d5 11. e5 Qb6 12. Ba4 f6 13. Ng3 fxe5 14. fxe5 Rxf1+
15. Kxf1 Qc7 16. Bf4 b5 17. Bxb5 Rb8 18. Ba4 Ba6 19. Kg1 Rf8 20. Bd2 Bxe5 21.
Bb4 Rf7 22. Be8 Rg7 23. Ba5 Qd6 24. Bb4 Qc7 25. Qd2 Nf5 26. Nf1 Ne3 27. Nxe3
dxe3 28. Qxe3 Bxh2+ 29. Kh1 Qe5 30. Qf2 Bf4 31. g3 Rb7 32. Ba3 Bh6 33. Re1 Qh5+
34. Kg2 Qg4 35. Qf6 Rc7 36. Ba4 Rf7 37. Qxe6 Qf3+ 38. Kh2 Qh5+ 39. Kg1 Qf3 40.
Kh2 Qh5+ 41. Kg1 Qf3 42. Kh2 1/2-1/2

[Event "North Wales Open"]
[Site "Llandudno"]
[Date "2019.06.23"]
[Round "5.8"]
[White "Gogia, Armaan"]
[Black "Camp, Imogen A L"]
[Result "1/2-1/2"]
[WhiteElo "1767"]
[BlackElo "1886"]
[PlyCount "75"]
[EventDate "2019.06.22"]
[EventRounds "5"]
[EventCountry "WLS"]

1. e4 e5 2. Nf3 Nc6 3. Bb5 a6 4. Ba4 Nf6 5. Qe2 b5 6. Bb3 Be7 7. c3 d6 8. h3
Na5 9. Bc2 c5 10. O-O O-O 11. d4 Qc7 12. Rd1 Bb7 13. d5 Nd7 14. g4 Rfe8 15.
Nbd2 g6 16. Nf1 Bf8 17. Ng3 Bg7 18. b3 Nb6 19. Be3 Bc8 20. Qd2 Nb7 21. Kg2 a5
22. Bh6 c4 23. Bxg7 Kxg7 24. Qg5 Qe7 25. Nh5+ Kh8 26. Nf6 Rd8 27. Qh4 h5 28.
gxh5 Kg7 29. h6+ Kh8 30. Qg5 Nd7 31. Nxd7 Qxg5+ 32. Nxg5 Rxd7 33. bxc4 bxc4 34.
f4 f6 35. Ne6 Re7 36. Nf8 Bxh3+ 37. Kxh3 Rxf8 38. fxe5 1/2-1/2

[Event "North Wales Open"]
[Site "Llandudno"]
[Date "2019.06.23"]
[Round "5.9"]
[White "Van Kemenade, Julie"]
[Black "Menon, Davin"]
[Result "0-1"]
[WhiteElo "1718"]
[BlackElo "1848"]
[PlyCount "96"]
[EventDate "2019.06.22"]
[EventRounds "5"]
[EventCountry "WLS"]

1. e4 c6 2. d3 d5 3. Qe2 dxe4 4. dxe4 e5 5. h3 Be6 6. Nf3 Nd7 7. Nc3 Bb4 8. Bd2
f6 9. O-O-O Qc7 10. a3 Ba5 11. Nb1 Bb6 12. Be3 O-O-O 13. Bxb6 Nxb6 14. Nc3 Ne7
15. Qe3 Rxd1+ 16. Kxd1 Rd8+ 17. Kc1 Kb8 18. Nd2 Nec8 19. Bd3 Nd6 20. Qc5 Nd7
21. Qe3 Qa5 22. Nb3 Bxb3 23. cxb3 Qc5 24. Qd2 Kc7 25. Qc2 Kc8 26. b4 Qd4 27.
Rd1 Qb6 28. Nd5 Qd4 29. Ne7+ Kc7 30. b5 c5 31. Nd5+ Kb8 32. Nc3 c4 33. Be2 Qb6
34. Bg4 Nc5 35. Be2 Nb3+ 36. Kb1 Nd4 37. Qa4 Nxe2 38. Nxe2 Nxe4 39. Rxd8+ Qxd8
40. Nc3 Qd3+ 41. Ka2 Nxc3+ 42. bxc3 Qd2+ 43. Kb1 Qxc3 44. b6 Qe1+ 45. Kc2 Qxf2+
46. Kd1 Qf1+ 47. Kc2 Qxg2+ 48. Kc3 Qxh3+ 0-1

[Event "North Wales Open"]
[Site "Llandudno"]
[Date "2019.06.23"]
[Round "5.10"]
[White "Pirga, Vlad"]
[Black "Farrar, Gordon"]
[Result "1/2-1/2"]
[WhiteElo "1513"]
[BlackElo "1750"]
[PlyCount "48"]
[EventDate "2019.06.22"]
[EventRounds "5"]
[EventCountry "WLS"]

1. e4 e5 2. Nf3 d6 3. Bc4 Nf6 4. Nc3 Be7 5. O-O O-O 6. d4 exd4 7. Nxd4 Nxe4 8.
Nxe4 d5 9. Bd3 dxe4 10. Bxe4 Re8 11. Qd3 g6 12. Bh6 Na6 13. Nc6 bxc6 14. Bxc6
Qxd3 15. cxd3 Be6 16. Bxa8 Rxa8 17. Be3 Nb4 18. Rfc1 Nd5 19. Bc5 Bxc5 20. Rxc5
Rb8 21. b3 Kf8 22. Kf1 Ke8 23. g3 Kd7 24. h4 h5 1/2-1/2

[Event "North Wales Open"]
[Site "Llandudno"]
[Date "2019.06.23"]
[Round "5.11"]
[White "Dewangan, Aayush"]
[Black "Francis, Matthew"]
[Result "1/2-1/2"]
[WhiteElo "1398"]
[BlackElo "1697"]
[PlyCount "72"]
[EventDate "2019.06.22"]
[EventRounds "5"]
[EventCountry "WLS"]

1. e4 c5 2. Nf3 a6 3. d4 cxd4 4. Nxd4 Nf6 5. Nc3 e5 6. Nf3 Bb4 7. Bc4 Qc7 8.
Qe2 O-O 9. O-O Bxc3 10. bxc3 d6 11. Bg5 Nbd7 12. Rab1 b5 13. Bd5 Nxd5 14. exd5
Qxc3 15. Be7 Re8 16. Bxd6 f6 17. Bb4 Qc7 18. d6 Qb6 19. c4 a5 20. Bd2 b4 21. a3
Qxd6 22. axb4 axb4 23. Bxb4 Qc7 24. Nd4 Ba6 25. Nb5 Bxb5 26. cxb5 Qb7 27. Qc4+
Kh8 28. Bd6 Rec8 29. Qb3 Nb6 30. Rfc1 h6 31. h3 Qd7 32. Rc6 Rxc6 33. bxc6 Qxd6
34. Qxb6 Rc8 35. Rc1 Qd2 36. Qe3 Qd6 1/2-1/2